Sports Quiz

Random Sports or NBA Quiz

Tallest NBA players of all time Quiz Stats

 Plays Quiz not verified by Sporcle

Support Sporcle.
Go Orange.
Score 0/11 Timer 10:00
0 Plays Today
Hint Answer % Correct
7'7''Manute Bol
92.4%
7'6''Yao Ming
77.2%
7'6''Shawn Bradley
59.8%
7'4''Mark Eaton
29.3%
7'4''Rik Smits
23.9%
7'4''Ralph Sampson
20.7%
7'7''Gheorghe Mureșan
14.1%
7'5''Chuck Nevitt
12%
7'6.5''Slavko Vraneš
8.7%
7'5''Pavel Podkolzin
7.6%
7'5''Sim Bhullar
6.5%

You're not logged in!

Compare scores with friends on all Sporcle quizzes.
OR
Log In

From the Vault

Technically Correct Stage Show Titles

by Bolafssonify

No one ever notices all the technical work that goes into theater, but it's just as important as anything else.
Remove Ads.
Support Sporcle.
Get the best of Sporcle when you Go Orange. This ad-free experience offers more features, more stats, and more fun while also helping to support Sporcle. Thank you for becoming a member.

Show Comments

Extras

Created Jan 28, 2016ReportNominate
Tags:NBA Quiz, Player, tallest

Top Quizzes Today


Score Distribution

Your Account Isn't Verified!

In order to create a playlist on Sporcle, you need to verify the email address you used during registration. Go to your Sporcle Settings to finish the process.

Report this User

Report this user for behavior that violates our Community Guidelines.

Details: